Find the Star: European Capitals VII Quiz Stats

 Plays Quiz Updated Apr 10, 2021

Support Sporcle.
Go Orange.
Score 0/47 Timer 01:00
0 Plays Today
% Correct
Berlin(933)
97.8%
Paris(344)
97.8%
Rome(1435)
97.3%
Madrid(1265)
96.9%
Oslo(1155)
96.9%
Bern(748)
96.8%
Brussels(321)
96.8%
Amsterdam(358)
96.7%
Vienna(1237)
96.4%
Warsaw(1450)
96.3%
Moscow(2503)
96.2%
Copenhagen(957)
96.1%
Luxembourg(490)
96.1%
Prague(1036)
96.1%
Lisbon(1587)
96%
Stockholm(1434)
95.9%
Dublin(464)
95.9%
Kyiv(2136)
95.8%
Vaduz(851)
95.8%
Helsinki(1823)
95.7%
Riga(1678)
95.7%
Athens(2394)
95.7%
Reykjavik(1892)
95.7%
Monaco(1033)
95.7%
% Correct
Budapest(1451)
95.6%
Minsk(1874)
95.6%
Andorra la Vella(1010)
95.6%
Ankara(2837)
95.5%
Sofia(2017)
95.5%
Zagreb(1339)
95.5%
Bucharest(2094)
95.5%
Tallinn(1786)
95.5%
Valletta(2091)
95.5%
Belgrade(1694)
95.4%
San Marino(1261)
95.4%
Bratislava(1289)
95.4%
Vilnius(1725)
95.4%
Sarajevo(1623)
95.4%
Skopje(1944)
95.3%
Vatican City(1433)
95.4%
Ljubljana(1230)
95.3%
Tirana(1894)
95.3%
Chisinau(2150)
95.3%
Nicosia(3221)
95.3%
Podgorica(1777)
95.3%
Pristina(1880)
95.3%
🌟 London 🌟
95.2%

You're not logged in!

Compare scores with friends on all Sporcle quizzes.
OR
Log In

From the Vault

Pokémon by Lego

by Darzlat

Gotta build 'em all!
Remove Ads.
Support Sporcle.
Get the best of Sporcle when you Go Orange. This ad-free experience offers more features, more stats, and more fun while also helping to support Sporcle. Thank you for becoming a member.

Show Comments

Extras

Top Quizzes Today


Score Distribution

Your Account Isn't Verified!

In order to create a playlist on Sporcle, you need to verify the email address you used during registration. Go to your Sporcle Settings to finish the process.

Report this User

Report this user for behavior that violates our Community Guidelines.

Details: